movies with countries in the title - Statistics

General Stats
  • This quiz has been taken 51 times
  • The average score is 10 of 15
Answer Stats
title starring year country % Correct
_______n Psycho Christian Bale 2000 America
96%
_____na Jones and the Last Crusade Harrison Ford 1989 India
96%
Good Morning, _______ Robin Williams 1987 Vietnam
94%
The _______ Job Michael Caine 1969 Italian
91%
Big Trouble in Little _____ Kurt Russell 1986 China
85%
From ______ with Love Sean Connery 1963 Russia
85%
The Last King of ________ Forest Whitaker 2006 Scotland
79%
Borat! Cultural Learnings of America for Make Benefit Glorious Nation of __________ Sacha Baron Cohen 2006 Kazakhstan
74%
Hotel ______ Don Cheadle 2004 Rwanda
70%
The ______ Dispatch Bill Murray 2021 French
64%
Once Upon a Time in ______ Salma Hayek 2003 Mexico
62%
The Prince of _____ Val Kilmer 1998 Egypt
45%
This is _______ Thomas Turgoose 2006 England
38%
Grace of ______ Nicole Kidman 2014 Monaco
32%
__________ Chris Rock 2005 Madagascar
17%
No matching quizzes found
Score Distribution
Percent of People with Each Score
Percentile by Number Answered
Your Score History
You have not taken this quiz